1784 1952 1439 1060 1630 1777 1481 1786 1725 1927 1105 1221 1601 1231 1370 1673 1933 1745 1086 1176 1128 1625 1365 1661 1902 1097 1811 1650 1678 1310 1576 1203 1608 1880 1753 1411 1008 1492 1446 1463 1741 1354 1880 1963 1885 1606 1255 1969 1757 1558 1905 1391 1003 1287 1035 1797 1310 1328 1154 1747 1563 1499 1161 1681 1316 1428 1207 1133 1702 1660 1170 1514 1607 1670 1133 1800 1769 1514 1766 1850 1434 1301 1096 1851 1856 1536 1968 1507 1893 1335 1593 1722 1433 1293 1431 1279 1419 1505 1016 BCNSPRNW ULIB Ver.6.0+V

เปลี่ยนเป็นภาษาไทย

Change to English
 แสดงรายละเอียดบรรณานุกรม
  กลับหน้าหลัก

Brief Record : Get Marc (ISO 2709) : E-mail record : QR code < ปิดหน้าต่าง
LEADER : 00000nam 2200000uu 4500
001    13399126291
003     ULIB
008    180904s2560||||th 000 0 tha d
020    ^a9789744669896
040    ^abcn
060 04 ^aWO100^bศ170
245 10 ^aศัลยศาสตร์ธรรมศาสตร์ =^bThammasat Surgery/^cบรรณาธิการ,วีระยุทธ โถวประเสริฐ...[และคนอื่นๆ]
250    ^aพิมพ์ครั้งที่ 1
260    ^aปทุมธานี :^bโรงพิมพ์มหาวิทยาลัยธรรมศาสตร์,^c2560
300    ^a532 หน้า :^bภาพประกอบ
650  2 ^aศัลยศาสตร์^xรวมเรื่อง
700 0  ^aวีระยุทธ โถวประเสริฐ,^eบรรณาธิการ
945    ^p0^l0^i26500
945    ^p0^l0^i26499
999    ^aกัณชพร จุลอักษร
รายการนี้ยังไม่มีแท็ก
คุณยังไม่ได้ล็อกอิน คุณสามารถมีกิจกรรมร่วมกับเว็บไซต์ได้ แต่ต้องล็อกอินก่อน ::
  ล็อกอิน

รายการสื่อสารสนเทศ

ลำดับที่ ประเภท เลขเรียก/บาร์โค้ด สถานที่ สถานะ
1. หนังสือสำรอง
หนังสือสำรอง
WO100 ศ170 ฉ.1 
  Barcode: 26499
ห้องสมุดวิทยาเขตนครสวรรค์
►หนังสือทั่วไป:l:General Books
บนชั้น
2. วิทยาศาสตร์การแพทย์ และสุขภาพ
วิทยาศาสตร์การแพทย์ และสุขภาพ
WO100 ศ170 ฉ.2 
  Barcode: 26500
ห้องสมุดวิทยาเขตนครสวรรค์
►หนังสือทั่วไป:l:General Books
บนชั้น

รายการใกล้เคียง
    หัวเรื่อง [ศัลยศาสตร์ รวมเรื่อง]

BibComment


ยังไม่เคยถูกคอมเมนท์

คอมเมนท์ทรัพยากรรายการนี้
  คอมเมนท์: ศัลยศาสตร์ธรรมศา..


 Copyright 2026. Bcnsprnw @Library